Students' e-learning interaction activities, it self-efficacy and their effects on learning achievement /
Saved in:
| Main Author: | |
|---|---|
| Format: | Thesis |
| Language: | English |
| Published: |
Gombak, Selangor :
Institute of Education, International Islamic University Malaysia,
2009
|
| Subjects: | |
| Online Access: | http://studentrepo.iium.edu.my/handle/123456789/4076 |
| Tags: |
Add Tag
No Tags, Be the first to tag this record!
|
| LEADER | 021430000a22004090004500 | ||
|---|---|---|---|
| 001 | 494712 | ||
| 005 | 20230420083758.0 | ||
| 008 | 101228t2009 my ag m 0 eng d | ||
| 035 | |a (Sirsi) 494712 | ||
| 040 | |a UIAM |b eng | ||
| 043 | |a a-ts--- | ||
| 050 | 0 | 0 | |a LB1044.87 |
| 100 | 1 | |a Libdeh, Enas Said Abu |9 111226 | |
| 245 | 1 | 0 | |a Students' e-learning interaction activities, it self-efficacy and their effects on learning achievement / |c by Enas Said Abu Libdeh |
| 260 | |a Gombak, Selangor : |b Institute of Education, International Islamic University Malaysia, |c 2009 | ||
| 300 | |a xii, 190 leaves : |b ill . |c 30 cm. | ||
| 336 | |2 rdacontent | ||
| 337 | |2 rdamedia | ||
| 338 | |2 rdacarrier | ||
| 500 | |a Abstract in English and Arabic. | ||
| 500 | |a "A thesis submitted in fulfilment of the requirement for the degree of Doctor of Philosophy in Education." --On t.p. | ||
| 502 | |a Thesis (Ph.D)--International Islamic University Malaysia, 2009. | ||
| 504 | |a Includes bibliographical references (leaves 146-175). | ||
| 650 | 0 | |a Distance education |z United Arab Emirates |9 111227 | |
| 650 | 0 | |a Distance education students |z United Arab Emirates |9 111228 | |
| 650 | 0 | |a Computer-assisted instruction |z United Arab Emirates |9 111229 | |
| 650 | 0 | |a Internet in higher education |z United Arab Emirates |9 111230 | |
| 655 | 0 | 7 | |a Theses, IIUM local |
| 690 | |a Dissertations, Academic |x Institute of Education |z IIUM |9 15729 | ||
| 710 | 2 | |a International Islamic University Malaysia. |b Institute of Education |9 15730 | |
| 856 | 4 | |u http://studentrepo.iium.edu.my/handle/123456789/4076 | |
| 900 | |a mrm-his-rmb | ||
| 942 | |2 lcc |n 0 | ||
| 999 | |c 434154 |d 465039 | ||
| 952 | |0 0 |6 T LB 1044.87 L694S 2009 |7 0 |8 THESES |9 752015 |a IIUM |b IIUM |c MULTIMEDIA |g 0.00 |o t LB 1044.87 L694S 2009 |p 00011169662 |r 2017-10-19 |t 1 |v 0.00 |y THESIS | ||
| 952 | |0 0 |6 LU T LB 1044.87 L694S 2009 |7 0 |8 THESES |9 752198 |a IIUM |b IIUM |c CLOSEACCES |g 0.00 |o lu t LB 1044.87 L694S 2009 |p 00011274677 |r 2017-10-25 |t 1 |v 0.00 |y THESIS | ||
| 952 | |0 0 |6 TS CDF LB 1044.87 L694S 2009 |7 0 |8 THESES |9 838873 |a IIUM |b IIUM |c MULTIMEDIA |g 0.00 |o ts cdf LB 1044.87 L694S 2009 |p 11100326163 |r 2017-10-27 |t 1 |v 0.00 |y THESISDIG | ||
